000 00569nam a2200181 a 4500
001 000042711
005 20201002040336.0
008 140205s1998 sp a 001 0 spa d
020 _a8440679181
040 _aDO-SdBNP
_bspa
_cBNPHU
082 _axxxxxx
_bxxxxxx
100 1 _aLally Kevin
_970023
245 1 0 _aBilly Wilder :
_baquí un amigo /
_cKevin Lally.
260 _aBarcelona, :
_bEdiciones B,
_c1998.
300 _a524 p. :
_bil. ;
_c23 cm.
500 _aIncluye índice onomástico
504 _aIncluye referencias bibliográficas y notas al pie de las páginas
999 _c42200
_d42200